000 00876nam a2200277 a 4500
001 69307
003 BD-RjUL
005 20211209081854.0
008 170410s1978 nyua b 001 0 eng d
020 _a0471027189
035 _a(BD-RjUL)69518
040 _aDLC
_cDLC
_dBD-RjUL
_beng
041 _aeng
060 _aQT34 M367b
082 _a541.3
_223
_bMAB 1978
100 1 _aMarshall, Alan G.
_q(Alan George),
_d1944-
_9205333
245 1 0 _aBiophysical chemistry :
_bprinciples, techniques, and applications /
_cAlan G. Marshall.
260 _aNew York :
_bWiley,
_cc1978.
300 _axv, 812 p. :
_bill. ;
_c24 cm.
504 _aIncludes bibliographical references and index.
650 0 _aChemistry, Physical and theoretical
_9205334
650 0 _aBiochemistry
_9205335
650 2 _aBiophysics.
_9204419
650 2 _aChemistry, Physical.
_9205336
942 _2ddc
_cBK
999 _c69307
_d69307